Načítá se...
Hitopadesa of Narayana /
| Další autoři: | |
|---|---|
| Médium: | Printed Book |
| Jazyk: | English |
| Vydáno: |
Patna :
Motilal Banarsidass,
1976.
|
| LEADER | 00378nam a2200121Ia 4500 | ||
|---|---|---|---|
| 008 | 150624b xxu||||| |||| 00| 0 eng d | ||
| 245 | |a Hitopadesa of Narayana / | ||
| 260 | |a Patna : |b Motilal Banarsidass, |c 1976. | ||
| 300 | |a 286 p. | ||
| 700 | |a Kale, M. R. |e editor. | ||
| 942 | |c BK | ||
| 999 | |c 22025 |d 22025 | ||
| 952 | |0 0 |1 0 |4 0 |7 0 |9 22024 |a UL |b UL |c ST2 |d 1998-09-01 |l 0 |p 32690 |r 2012-10-27 |w 2012-10-27 |y BK | ||